[Event "Korinthos op 2nd"]
[Site "Korinthos"]
[Date "1998.??.??"]
[Round "1"]
[White "Jakobsen, Michael"]
[Black "Cvetkovic, Srdjan"]
[Result "0-1"]
[WhiteElo "2180"]
[BlackElo "2430"]
[PlyCount "68"]
[EventDate "1998.07.20"]
[EventType "swiss"]
[EventRounds "9"]
[EventCountry "GRE"]
[SourceTitle "EXT 1999"]
[Source "ChessBase"]
[SourceDate "1998.11.16"]
[SourceVersion "1"]
[SourceVersionDate "1998.11.16"]
[SourceQuality "1"]

1. Nf3 d5 2. d4 Nf6 3. c4 e6 4. Nc3 Nbd7 5. Bg5 c6 6. e3 Qa5 7. Nd2 Bb4 8. Qc2 0-0 9. Bxf6 Nxf6 10. Bd3 Re8 11. 0-0 e5 12. cxd5 cxd5 13. dxe5 Rxe5 14. Nf3 Re7 15. Nb5 Bd7 16. Nbd4 Rc8 17. Qb1 Ne4 18. Rc1 Rce8 19. Qc2 Bd6 20. a3 Bb8 21. g3 Qb6 22. Qb3 Qd6 23. Bb5 a6 24. Bf1 Bg4 25. Bg2 Ba7 26. Rc2 g6 27. Rac1 Nxf2 28. Rxf2 Rxe3 29. Qxb7 R3e7 30. Qc6 Qxc6 31. Rxc6 Bxf3 32. Nxf3 Re2 33. Rxa6 Bxf2+ 34. Kf1 Bc5 0-1